Art fundamentals : Theory and practice
The original text that set the standard for introduction to art courses across the country, Art Fundamentals has guided generations of students through the essential elements of art as well as the rich and varied history of their uses. This book has been carefully revised to expand and clarify conce...
Đã lưu trong:
| 格式: | 圖書 |
|---|---|
| 語言: | Undetermined |
| 出版: |
New York
McGraw-Hill Higher Education
2001
|
| 主題: | |
| 標簽: |
添加標簽
沒有標簽, 成為第一個標記此記錄!
|
| Thư viện lưu trữ: | Trung tâm Học liệu Trường Đại học Cần Thơ |
|---|
| LEADER | 00964nam a2200217Ia 4500 | ||
|---|---|---|---|
| 001 | CTU_154116 | ||
| 008 | 210402s9999 xx 000 0 und d | ||
| 020 | |c 59.99 | ||
| 082 | |a 702.8 | ||
| 082 | |b A784 | ||
| 245 | 0 | |a Art fundamentals : | |
| 245 | 0 | |b Theory and practice | |
| 245 | 0 | |c Otto G. Ocvirk ... [et al.] | |
| 260 | |a New York | ||
| 260 | |b McGraw-Hill Higher Education | ||
| 260 | |c 2001 | ||
| 520 | |a The original text that set the standard for introduction to art courses across the country, Art Fundamentals has guided generations of students through the essential elements of art as well as the rich and varied history of their uses. This book has been carefully revised to expand and clarify concepts throughout the text, while adding new material on developing ideas, critical thinking, and time and motion. | ||
| 650 | |a Art,Art | ||
| 650 | |x Technique | ||
| 904 | |i Bạch Trúc | ||
| 980 | |a Trung tâm Học liệu Trường Đại học Cần Thơ | ||